Corruption and military spending
Saved in:
| Main Author: | |
|---|---|
| Other Authors: | , |
| Format: | Book |
| Language: | English |
| Published: |
Washington
International Monetary Fund
2000
|
| Series: | IMF Working Paper
WP/00/23 |
| Subjects: | |
| Tags: |
No Tags, Be the first to tag this record!
|
MARC
| LEADER | 00000nam a2200000 4500 | ||
|---|---|---|---|
| 001 | c124142 | ||
| 005 | 20221221081911.2 | ||
| 041 | 0 | |a eng | |
| 044 | |a US | ||
| 245 | 1 | 0 | |a Corruption and military spending |c Sanjeev Gupta, Luiz de Mello and Raju Sharan |
| 264 | 1 | |a Washington |b International Monetary Fund |c 2000 | |
| 300 | |a 31 s. | ||
| 490 | 1 | |a IMF Working Paper |v WP/00/23 | |
| 830 | 0 | |a IMF Working Paper |v WP/00/23 | |
| 610 | 2 | 0 | |a vojenstvo |
| 610 | 2 | 0 | |a armáda |
| 610 | 2 | 0 | |a výdavky na obranu a bezpečnosť |
| 610 | 2 | 0 | |a korupcia |
| 100 | 1 | |a Gupta, Sanjeev | |
| 700 | 1 | |a de Mello, Luiz | |
| 700 | 1 | |a Sharan, Raju | |